Responses for show #726 - Monday, November 2, 1987

Contestants

Delores Teus, a vice president and project director originally from Manila, Philippines

Ken Freedman, a professional snake handler from Long Beach, California

Rich Kenney, a manufacturer's representative from North Branford, Connecticut (whose 1-day cash winnings total $20,601)

Jeopardy! Round responses

BOOKS & AUTHORS
TRANSPORTATION
PEOPLE
PHYSICAL SCIENCE
UNCOMMON WORDS
"CALIFORNIA" SONGS
    $100 18
How to Win Friends and Influence People

Ken
    $100 17
garbage truck

Ken
    $100 3
(Rich: Who is John Paul?)

John Paul II

RichDelores
    $100 9
earthquakes

Ken
    $100 2
umbilical cord

Delores
    $200 19
John Updike

Rich
    $200 16
automobiles

Rich
    $200 4
(Ken: Who is Jacqueline [*] & um, Betty Ford?)
(Rich: Who are [*] & Rosalyn Carter?)

Jackie Kennedy & Nancy Reagan

RichKenDelores
    $200 8
battery

Ken
    $200 12
foot

Ken
    $300 20
Suzanne Somers

Rich
    $500 6
London

Rich
    $300 5
Danny Kaye

Rich
    $300 1
Bond

Ken
    $300 13
fruit only

Rich
    $400 21
Stuart Little

Triple Stumper
    $400 7
Silver

Triple Stumper
    $400 10
sulfur

Rich
    $400 14
(Ken: What is a little tree?)
(Rich: What is little rodent?)

little barrel

RichKenDelores
    $500 22
(Delores: Who is James Beard?)

Craig Claiborne

Delores
Triple Stumper
    $500 23
mizzenmast

Rich
    $500 11
proton & electron

Ken
    $500 15
7

Rich

Scores at the first commercial break (after clue 7):

Rich Ken Delores
$500 $100 $400

Scores at the end of the Jeopardy! Round:

Rich Ken Delores
$2,500 $900 $300

Double Jeopardy! Round responses

LATIN AMERICA
MYTHS & LEGENDS
"KINGS"s & "QUEEN"s
PRESIDENTIAL TRIVIA
IN THE OCEAN
SELF-DIRECTED
    $200 1
Peace Corps

Rich
    $200 16
Flying Dutchman

Rich
    $200 22
(Delores: What is Coca-Cola?)
(Rich: What is the King Company?)

King World

RichDelores
Triple Stumper
    $200 6
War of 1812

Rich
    $200 7
porpoise (dolphin)

Ken
    $200 12
Annie Hall

Rich
    $400 28
Spanish-American War

Triple Stumper
    $400 18
Lost Dutchman Mine

Ken
    $400 23
Steve McQueen

Rich
    $400 2
John (F.) Kennedy

Delores
    $400 8
glacier

Rich
    $400 13
(Leonard) Nimoy

Delores
    $600 27
(Ken: What are Indians?)

murals

KenDelores
    $1,000 19
March

Ken
    $600 3
(Rich: Who is John Adams?)

LBJ (Lyndon Baines Johnson)

RichDelores
    $2,000 9
(Rich: What is the Pacific?)

Indian

Rich
    $600 14
Charlie Chaplin

Delores
    $800 26
high altitude

Triple Stumper
    $800 20
Knute Rockne

Rich
    $800 4
(Rich: Who is Harry Truman?)

Andrew Jackson

Rich
Triple Stumper
    $800 10
Monitor

Rich
    $800 15
Marlon Brando

Ken
    $1000 25
French Guiana

Delores
    $1000 21
(Delores: Uh....)

Atlantis

KenDelores
    $1000 24
Marquess of Queensberry rules pertaining to boxing

Triple Stumper
    $1000 5
Thomas Jefferson

Rich
    $1000 11
(Delores: Who is Conrad?)

Alan Shepard

RichDelores
    $1000 17
Tom Laughlin

Ken

Scores at the end of the Double Jeopardy! Round:

Rich Ken Delores
$4,100 $4,700 $1,700

[wagering suggestions for these scores]

Final Jeopardy! Round responses

THE SUPREME COURT
DeloresWho was Justice Douglas?
$1,700
RichWho is William O. Douglas?
$4,090
KenWho is William O. Douglas
$3,501
William O. Douglas

Final scores:

Rich Ken Delores
$8,190 $8,201 $3,400
2nd place: Merillat kitchen & bath cabinetry + a Videowriter word processor New champion: $8,201 3rd place: a New Home sewing machine

Game dynamics:

Coryat scores:

Rich Ken Delores
$5,900 $4,300 $1,700
19 R
(including 1 DD),
7 W
(including 1 DD)
13 R
(including 1 DD),
3 W
10 R,
4 W

Combined Coryat: $11,900

The J! Archive is created by fans, for fans. The Jeopardy! game show and all elements thereof, including but not limited to copyright and trademark thereto, are the property of Jeopardy Productions, Inc. and are protected under law. This website is not affiliated with, sponsored by, or operated by Jeopardy Productions, Inc. Join the discussion at JBoard.tv.